| 000 | 00533cam a2200193 4500 | ||
|---|---|---|---|
| 001 | D15740 | ||
| 008 | 090401t1971 xxu||||| |||| 00| 0 eng d | ||
| 035 | _a(Sirsi) u24888 | ||
| 041 | _aeng | ||
| 050 | _a526.907 | ||
| 110 |
_aRoyal Institution of Chartered Surveyors _94900 |
||
| 245 | _aNotes for the guidance of students: practical tasks (all sections except the Land Surveying), Nov. 1971 | ||
| 260 |
_bRICS _c1971 |
||
| 300 | _a10p | ||
| 350 | _a0 | ||
| 520 | _aFiled in Box 1971/61A | ||
| 942 | _n0 | ||
| 948 | _c04/03/1997 | ||
| 999 |
_c88630 _d88630 |
||